Voces, que hicieron eco en la religiosa pyra, que en las honras del V.P.Fr. Antonio Margil de Jesús, erigió Fr. Antonio de Harizon

Detalles Bibliográficos
Autor principal: LOPEZ AGUADO, Juan ( Fray )
Formato: Libro
Publicado: México s.d.
Materias:
Colección:Banco de datos
Acervo:Biblioteca del Ex Convento de Nuestra Señora de Guadalupe. Zacatecas
Tema general:Homilética
Notas:Buena. XI,8,10 (3731). Encuadernado en un mismo volumen con cuatro sermones más
LEADER 00825nam a22001930004500
035 |a 42802 
036 |a 3986 
100 1 |a LOPEZ AGUADO, Juan ( Fray ) 
245 1 0 |a Voces, que hicieron eco en la religiosa pyra, que en las honras del V.P.Fr. Antonio Margil de Jesús, erigió Fr. Antonio de Harizon 
260 |a México  |b imp. Joseph Bernardo de Hogal  |c s.d. 
500 |a Buena. XI,8,10 (3731). Encuadernado en un mismo volumen con cuatro sermones más 
650 1 0 |a Homilética 
949 |a CRZ-CG. 
959 |a Ex convento de Nuestra Señora de Guadalupe, Museo Regional de Zacatecas, Zacatecas  |b CCC4 
960 |a Convento de Nuestra Señora de Guadalupe, Zacatecas  |b DD87 
961 |a Franciscana  |b OF 
942 |c CRZ-CG 
943 |g Biblioteca del Ex Convento de Nuestra Señora de Guadalupe. Zacatecas 
999 |c 966929  |d 966929